L' aube de la civilisation en Egypte et en Mesopotamie

Αποθηκεύτηκε σε:
Λεπτομέρειες βιβλιογραφικής εγγραφής
Κύριος συγγραφέας: Fischer, Hugo, 1897-1975
Άλλοι συγγραφείς: Jundt, Rierre (Μεταφραστής)
Μορφή: Βιβλίο
Γλώσσα:French
German
Δημοσίευση: Paris : Payot, 1961.
Σειρά:Bibliotheque historique
Θέματα:
Ετικέτες: Προσθήκη ετικέτας
Δεν υπάρχουν, Καταχωρήστε ετικέτα πρώτοι!

MARC

LEADER 00000cam a2200000 a 4500
001 1/120855
008 200210s1964####fr | ||| |||| ||fre||
040 |a GR-MyUa  |b gre  |c GR-MyUa  |e AACR2 
041 1 |a fre  |h ger 
082 7 |a 932.01   |2 (23) 
100 1 |a Fischer, Hugo,   |d 1897-1975. 
245 1 2 |a L' aube de la civilisation en Egypte et en Mesopotamie /   |c Hugo Fischer ; traduit de l' allemand par Rierre Jundt.  
260 |a Paris :   |b Payot,   |c 1961.  
300 |a 259 σ. ;   |c 24 εκ.  
490 1 |a (Bibliotheque historique) 
500 |a Μετάφραση από τα γερμανικά του: Die geburt der hochkultur in Aegypten und Mesopotamien. 
504 |a Βιβλιογραφία: σ.[254]-256. 
651 0 |a Mesopotamia  |x Antiquities. 
651 0 |a Egypt  |x History. 
651 0 |a Egypt  |x Civilization. 
700 1 |a Jundt, Rierre,  |e trl 
830 0 |a Bibliotheque historique 
852 |a INST  |b RHODES  |e 20200210  |h 932.01 FIS  |p 005400041384  |q 005400041384  |t BK  |y 0 
920 |a Δωρεά Βιβλιοθήκης  |y Ρόδος  |z 2020-02 
970 |z 10-02-2020